00637nam a22001697a 4500003000500000038001800005082000800023100002500031245011700056264003400173650003900207700004700246856005700293942001200350999001900362952008600381NUST aNusrat Nadeem a200 aAmara Umar, 9133427 aPerformance Analysis and Resource Optimization in Aerial Access and Edge Computing Networks for 6G/cUmar, Amara aIslamabad:bSEECS NUSTc2025. aPhD-Electrical Engineering 984162 aSupervisor: Prof. Syed Ali Hassan9124796 uhttp://10.250.8.41:8080/xmlui/handle/123456789/57440 2ddccSC c616377d616377 00104070aCLbCLcTHEd2026-02-24l0o200pCLPT-801r2026-02-24w2026-02-24ySC